000 01297nam a22001577a 4500
999 _c514766
_d514766
008 201212b ||||| |||| 00| 0 eng d
100 _aTsilipakos, Leonidas.
_921721
245 _aDescriptive accuracy in history: The case of narrative explanations
260 _aPhilosophy of The Social Sciences
300 _a50(4), Jul, 2020: p,283-312
520 _aThis article discusses the issue of the conceptual accuracy of descriptions of social life, which, although fundamental for the social sciences, has in fact been neglected. I approach this task via an examination of Paul Roth’s recent work, which recapitulates reflection in analytic philosophy of history and sets out a view of the past as indeterminate until retrospectively constructed in historical narratives. I argue that Roth’s position embraces an overly restricted notion of historical significance and underestimates how anachronistic descriptions vitiate central historiographical tasks. I contend that the importance of conceptually accurate descriptions for history and the social sciences cannot be overstated. - Reproduced
650 _aDescription, Concepts, Accuracy, History, Narrative sentences, Narrative explanation
_919616
773 _aPhilosophy of The Social Sciences
906 _aCONCEPTS
942 _cAR